Statistiques concernant Taylor Swift - Paroles Clean

Cliquez ici pour prendre le quiz!

Statistiques générales

  • Ce quiz a été pris 37 fois
  • Le résultat moyen est 277 sur 333

Statistiques - réponses

HintRéponse% Correct
Couplet 1 | Pré-refrainThe
100%
the
100%
a
97%
clean,
97%
clean
97%
I
97%
am
94%
do
94%
Think
94%
think
94%
was
94%
you
94%
you,
94%
came
90%
finally
90%
OutroFinally
90%
me
90%
very
90%
when
90%
When
90%
And
87%
and
87%
any
87%
down
87%
It
87%
it
87%
Like
87%
like
87%
months
87%
no
87%
of
87%
RefrainRain
87%
back
84%
black
84%
can't
84%
died
84%
don't
84%
I'm
84%
in
84%
pouring
84%
so
84%
So
84%
storm
84%
that
84%
thirst
84%
trace
84%
wear
84%
worst
84%
you're
84%
You're
84%
anymore
81%
because
81%
But
81%
by
81%
drowning,
81%
Gone
81%
Just
81%
morning
81%
one
81%
over
81%
sky
81%
that's
81%
to
81%
turned
81%
wine
81%
all
77%
breathe
77%
could
77%
my
77%
perfect
77%
as
74%
dress
74%
flowers
74%
forth
74%
grown
74%
lost
74%
mean
74%
never
74%
Now
74%
risk
74%
roof
74%
still
74%
Ten
74%
thing
74%
together
74%
we'd
74%
give
71%
gonna
71%
head
71%
heard
71%
hole
71%
left
71%
must
71%
Oh,
71%
(oh,
71%
(Oh)
71%
oh)
71%
(Oh,
71%
oh,
71%
Oh-oh,
71%
oh-oh)
71%
(Oh-oh,
71%
oh-oh
71%
punched
71%
screamed
71%
stained
71%
Couplet 2There
71%
drought
68%
filled
68%
loud
68%
lungs,
68%
miss
68%
nothing
68%
sober,
68%
war
68%
water
68%
whole
68%
won't
68%
admit
65%
butterflies
65%
covered
65%
Let
65%
pictures
65%
room
65%
away
61%
carry
61%
flood
61%
older,
61%
dust
58%
Pré-refrainHung
58%
Said,
45%

Distribution des résultats

Percentile par nombre de réponses

% des personnes avec chaque résultat

Votre développement - résultats

Vous n’avez pas pris ce quiz